00470nam a2200181 a 4500001001300000003000900013005001700022008004100039020001000080082001600090100002300106245002900129260004800158300000800206500003500214650001600249700002300265nice12345678IN_TiNIC20260116012825.0080227s0000 newa grp 000 0 urd  ac10000a297.93bSIN aSingh, Giani Dilip aBahai Dharam Ka Ek Khaka aNew DelhibBahai Publishing Committeec0000 a20p aincludes index and biblioraphy aBahai Faith1 aSingh, Giani Dilip